MARC details
| 000 -CABECERA |
| campo de control de longitud fija |
00901nam a2200277 a 4500 |
| 005 - FECHA Y HORA DE LA ÚLTIMA TRANSACCIÓN |
| campo de control |
20230524064142.0 |
| 008 - ELEMENTOS DE LONGITUD FIJA--INFORMACIÓN GENERAL |
| campo de control de longitud fija |
991125s1990 ea 000 0 eng u |
| 020 ## - NÚMERO INTERNACIONAL NORMALIZADO PARA LIBROS |
| Número Internacional Estándar del Libro |
0852295316 |
| 035 ## - NÚMERO DE CONTROL DEL SISTEMA |
| Número de control de sistema |
UPN01000001132 |
| 049 ## - COLECCIÓN |
| Colección |
CG |
| 050 #4 - SIGNATURA TOPOGRÁFICA DE LA BIBLIOTECA DEL CONGRESO |
| Número de clasificación |
AC1 |
| Número de documento/Ítem |
G7 1990 v.4 |
| 100 0# - ASIENTO PRINCIPAL--NOMBRE PERSONAL |
| Nombre de persona |
Esquilo, |
| Fechas asociadas al nombre |
525-456 |
| 9 (RLIN) |
35324 |
| 245 14 - MENCIÓN DE TÍTULO |
| Título |
The plays of Aeschylus / |
| Mención de responsabilidad, etc. |
tr. y ed. David Grene. |
| 250 ## - MENCIÓN DE EDICIÓN |
| Mención de edición |
2a ed. |
| 260 ## - PUBLICACIÓN, DISTRIBUCIÓN, ETC. |
| Lugar de publicación, distribución, etc. |
Chicago, E.U.A. : |
| Nombre del editor, distribuidor, etc. |
Encyclopaedia Britannica, |
| Fecha de publicación, distribución, etc. |
1990. |
| 300 ## - DESCRIPCIÓN FÍSICA |
| Extensión |
ix, 905 p. |
| 440 #0 - MENCIÓN DE SERIE/ASIENTO SECUNDARIO--TÍTULO |
| Título |
Great books of the western world ; |
| Designación de volumen o secuencia |
4 |
| 501 ## - NOTA DE "CON" |
| Nota de “Con” |
Con: The plays of Sophocles -- The plays of Euripides -- The plays of Aristophanes |
| 500 ## - NOTA GENERAL |
| Nota general |
Biografías: p. ix, 107, 257, 647 |
| 650 #2 - ASIENTO SECUNDARIO DE MATERIA - TERMINO TEMATICO |
| Término de materia o nombre geográfico como elemento de entrada |
Ciencia |
| Subdivisión de forma |
Colecciones |
| 9 (RLIN) |
9879 |
| 650 #7 - ASIENTO SECUNDARIO DE MATERIA - TERMINO TEMATICO |
| Término de materia o nombre geográfico como elemento de entrada |
Drama griego (Tragedia) |
| Fuente del encabezamiento o término |
|
| 9 (RLIN) |
16438 |
| 650 #4 - ASIENTO SECUNDARIO DE MATERIA - TERMINO TEMATICO |
| Término de materia o nombre geográfico como elemento de entrada |
Mitología griega |
| 9 (RLIN) |
9574 |
| 650 #7 - ASIENTO SECUNDARIO DE MATERIA - TERMINO TEMATICO |
| Término de materia o nombre geográfico como elemento de entrada |
Teatro griego |
| Fuente del encabezamiento o término |
|
| 9 (RLIN) |
16437 |
| 700 1# - ASIENTO SECUNDARIO--NOMBRE DE PERSONAL |
| Nombre de persona |
Grene, David, |
| Término indicativo de función/relación |
ed. |
| 905 ## - TIPO DE MATERIAL |
| Tipo de material |
Libro |